[Event "TUR-chT 2nd League"]
[Site "Denizli"]
[Date "2023.07.13"]
[Round "7.116"]
[White "Cetindag, Alper"]
[Black "Avcul, Tugrahan"]
[Result "0-1"]
[WhiteElo "1439"]
[BlackElo "1354"]
[PlyCount "120"]
[EventDate "2023.07.09"]
[EventType "team-swiss"]
[EventRounds "9"]
[EventCountry "TUR"]
[SourceTitle "CBM 215 Extra"]
[Source "ChessBase"]
[SourceDate "2023.09.30"]
[SourceVersion "1"]
[SourceVersionDate "2023.09.30"]
[SourceQuality "1"]
[WhiteTeam "Cigli Batubey"]
[BlackTeam "Karaman Yunus Emre"]
[WhiteTeamCountry "TUR"]
[BlackTeamCountry "TUR"]

1. e4 c5 2. Nf3 e6 3. g3 Nc6 4. Bg2 g6 5. 0-0 Bg7 6. c3 Nge7 7. d4 cxd4 8. cxd4 d5 9. e5 f6 10. exf6 Bxf6 11. Re1 0-0 12. g4 Qb6 13. Be3 Qxb2 14. Nbd2 Nxd4 15. Nxd4 Bxd4 16. Rb1 Qc3 17. Rc1 Qb2 18. Rc2 Qb6 19. Nc4 dxc4 20. Bxd4 Qd6 21. Be5 Qxd1 22. Rxd1 Nd5 23. Rxc4 Rf7 24. f4 Bd7 25. Rcd4 Bc6 26. f5 gxf5 27. gxf5 Rxf5 28. Re1 Kf7 29. Bg3 Rg8 30. Rh4 Rg7 31. Rh6 Nf4 32. Bxc6 bxc6 33. Rb1 Ne2+ 34. Kg2 Rb5 35. Rd1 Ke7 36. Re1 Nd4 37. Kh1 Rf7 38. a4 Rbf5 39. Kg2 c5 40. Rb1 Kd7 41. a5 Kc6 42. a6 Re7 43. Bh4 Rg7+ 44. Bg3 Re7 45. Bh4 Rg7+ 46. Bg3 Re5 47. Kh1 Re2 48. Bb8 Nf3 49. Rh3 Rb2 50. Rd1 Rxb8 51. Rxf3 Rb6 52. h4 Rxa6 53. Re3 Kc7 54. Re5 Rc6 55. Ra1 Kd6 56. Re2 Rg4 57. Rd1+ Rd4 58. Red2 e5 59. Kg2 Kd5 60. Kf3 Rg6 0-1